000 00571cam a22002053a 4500
001 41751
003 PGUSA
005 20140828083937.0
008 130101s2013||||xxu|||||s|||||000 | eng d
040 _aPGUSA
_beng
042 _adc
100 1 _aVámbéry, Arminius
245 1 0 _aTravels in Central Asia
_h[electronic resource] /
_cArminius Vámbéry
260 _bProject Gutenberg,
_c2013
506 _aPublic domain in the USA.
516 _aElectronic text
830 0 _aProject Gutenberg
_v41751
856 4 0 _uhttp://www.gutenberg.org/ebooks/41751
942 _cEB
999 _c271003
_d271003